000
00323nam a2200133Ia 4500
005
20260326235454.0
008
260326s9999||||xx |||||||||||||| ||und||
100
_a
Saalman, Howard
245
0
_a
Medieval Cities /
_c
Howard Saalman
260
_b
George Brazilier
300
_a
127 p.
650
_a
DISEÑO URBANO
942
_c
BK
999
_c
7881
_d
7881